Hunger Games Tribute Match-Up Quiz Stats

Quiz Updated Nov 20, 2015

Challenge
Share
Tweet
Score 0/12 Timer 02:00
0 Plays Today
% Correct
Peeta
97.1%
Rue
89.3%
Finnick
85.1%
Beetee
82.6%
Cato
80.3%
Marvel
72%
Haymitch
71.8%
Cashmere
64.1%
Brutus
61.3%
Blight
51.8%
Chaff
49.7%
Woof
38.8%

You're not logged in!

Compare scores with friends on all Sporcle quizzes.
Sign Up with Email
OR
Log In

You Might Also Like...

Show Comments

Extras

Top Quizzes Today


Score Distribution

Your Account Isn't Verified!

In order to create a playlist on Sporcle, you need to verify the email address you used during registration. Go to your Sporcle Settings to finish the process.

Report this User

Report this user for behavior that violates our Community Guidelines.

Details: